Oeuvres complètes de Montesquieu : tome premier /

Publicado en Ginebra, Suiza, en 1748, El espíritu de las leyes es la obra más importante de Charles-Louis de Secondant, noble y escritor francés mejor conocido como el barón de Montesquieu, quien indaga en ella los principios que regulan y determinan el carácter y naturaleza de las leyes. Para Monte...

Celý popis

Uloženo v:
Podrobná bibliografie
Hlavní autor: Montesquieu, Barón de (autor)
Médium: Kniha
Jazyk:francouzština
Témata:
Tagy: Přidat tag
Žádné tagy, Buďte první, kdo vytvoří štítek k tomuto záznamu!

MARC

LEADER 00000nam^a2200000^a^4500
001 000365127
005 20250526000000.0
009 20260310115636.429
037 |a Acervo Xavier Clavigero 
041 |a FRA 
082 |a 190. 2  |b MON OBR HAC V. 1 
100 |a Montesquieu,  |c Barón de  |e (autor) 
240 1 1 |a [Oeuvres complètes de Montesquieu de Hachette] 
240 1 1 |a [Grandeza y decadencia de los romanos] 
240 1 4 |a [El espíritu de las leyes] 
245 1 0 |a Oeuvres complètes de Montesquieu :  |b tome premier /  |c Montesquieu. 
264 |a París, Francia :  |b Hachette,  |c 1880 
300 |a VIII, 408 p. ;  |c 19.0 cm. 
336 |a texto  |b txt  |2 rdacontenido 
337 |a sin mediación  |b n  |2 rdamedio 
338 |a volumen  |b nc  |2 rdasoporte 
520 |a Publicado en Ginebra, Suiza, en 1748, El espíritu de las leyes es la obra más importante de Charles-Louis de Secondant, noble y escritor francés mejor conocido como el barón de Montesquieu, quien indaga en ella los principios que regulan y determinan el carácter y naturaleza de las leyes. Para Montesquieu, las leyes son un complejo conjunto de normas condicionadas incluso por factores como el clima y la naturaleza del terreno y por circunstancias adquiridas como las costumbres, el comercio, la religión o la forma de gobierno. 
545 0 |a La forma de gobierno que rige en gran parte de los países de Occidente debe su concepción a Charles-Louis de Secondat (1689-1755), cronista, filósofo, político y ensayista francés, mejor conocido como el Barón de Montesquieu. Considerado uno de los más importantes representantes del movimiento de la Ilustración, su aportación en el estudio científico de la sociedad se centra en un método para la descripción de los fenómenos sociales, a diferencia de la representación empírica, y consecuentemente su interpretación racional. Crítico mordaz de inquieta indagatoria, Montesquieu fue la personificación del pensamiento libre, tolerante y cívico que surgía en la Francia del siglo XVIII. Depositó su pensamiento filosófico tanto en ensayos como en literatura satírica o poética. Es a través de sus diversos viajes que conceptualiza sus principales ideas (como la división de poderes, que desarrolla a partir del pensamiento de John Locke), las cuales se encuentran vertidas en sus principales obras: Cartas persianas (1721), El templo de Gnido (1724), Consideraciones sobre las causas de la grandeza y decadencia de los romanos (1734), El espíritu de las leyes (1748) y numerosas cartas, poemas y discursos. 
649 |a XX 
650 |a Instituciones Jurídicas -  |x Filosofía 
650 |a Instituciones Políticas -  |x Filosofía 
650 |a Literatura Francesa -  |y Siglo XVIII 
650 |a Literatura y Política -  |z Francia 
650 |a Administración Pública -  |z Roma -  |x Historia 
650 |a Nacionalismo 
650 |a República 
650 |a Ilustración (Filosofía) -  |x Tema Principal 
650 |a Derecho Político 
650 |a Derecho y Política 
650 |a Derecho -  |x Historia 
650 |a Derecho -  |x Teoría 
650 |a Derecho -  |x Filosofía -  |x Tema Principal 
650 |a Política -  |z Roma -  |x Historia 
650 |a Política -  |x Teoría 
650 |a Filosofía y Literatura -  |z Francia 
650 |a Filosofía Moderna 
650 |a Filosofía Francesa 
650 |a Filosofía Política 
650 |a Filosofía -  |x Historia y Crítica -  |x Tema Principal 
650 |a Roma -  |x Historia 
740 0 |a Considérations sur les causes de la grandeur des romains et de leur décadence /  |c Montesquieu. 
740 4 |a De l'esprit des lois /  |c Montesquieu. 
910 |a Fondo General 
920 |a Impresos - Libros 
930 |a Libros Antiguos y Raros 
905 |a 108 
901 |a 0500258840  |b IT2  |c LRA  |u 20250526 
902 |a https://opac.biblio.iteso.mx/vufind/Record/000365127